01313nam a2200313 a 450000100060000000300080000600500170001400800390003103500190007004000270008904100110011608200200012710000340014724500840018125000140026526000370027930000450031650000450036150400300040650400200043665000280045670000280048470000440051294200120055699900170056895201380058595201390072395201370086210057BD-RjUL20211208234903.0140122s1969 enkaf b 001 0 eng a(BD-RjUL)10104 aDLCcDLCdBD-RjULbeng1 aengger00a539.7bBOA 19691 aBorn, Max,d1882-1970.92602710aAtomic physics /cby Max, Born ; from the original translation of John Dougall. a8th ed. / aLondon :bBlackie & Son,cc1969. axiv, 495 p., 11 plates :billus ;c23 cm aTranslation of the German Moderne physik aBibliography: p. 477-481. aIncludes index. 0aNuclear physics.9310431 aRadcliffe, J. M.9310441 aBlin-Stoyle, R. J.q(Roger John)928131 2ddccBK c10057d10057 00102ddc40708NFICaRUCLbRUCLcStackd1971-08-31eZeitlingerg70.00l0o539.7 BOA 1969r2014-01-22 00:00:00tC-10w2014-01-22yBK 00102ddc40718NFICaRUCLbRUCLcReadingd1970-08-31eZeitlingerg70.00l0o539.7 BOA 1969r2017-05-11 00:00:00tC-1w2017-05-11yBK 00102ddc40708NFICaRUCLbRUCLcStackd1971-08-31eZeitlingerg70.00l0o539.7 BOA 1969r2019-12-11 00:00:00tC-9w2019-12-11yBK